LEADER 01165nam 2200325z- 450 001 9910693914103321 005 20170513080909.0 035 $a(CKB)5860000000029826 035 $a(BIP)013381156 035 $a(EXLCZ)995860000000029826 100 $a20220406c2006uuuu -u- - 101 0 $aeng 200 10$aNorthern Ireland $eprospects for the peace process : hearing before the Subcommittee on Europe and Emerging Threats of the Committee on International Relations, House of Representatives, One Hundred Ninth Congress, first session, May 25, 2005 215 $a1 online resource (iii, 16 p.) 311 $a0-16-073990-X 517 $aNorthern Ireland Peace Process 606 $aPeace movements$zNorthern Ireland 606 $aPeace-building$zNorthern Ireland 607 $aNorthern Ireland$xPolitics and government$y1998- 607 $aNorthern Ireland$xHistory$y1998- 610 $aPeace movements 610 $aNorthern ireland 610 $aPolitical science 610 $aHistory 615 0$aPeace movements 615 0$aPeace-building 906 $aBOOK 912 $a9910693914103321 996 $aNorthern Ireland$9455761 997 $aUNINA LEADER 01047nam0 22002891i 450 001 UON00424978 005 20231205104843.271 010 $a31-290-8580-7 100 $a20130521d1976 |0itac50 ba 101 $ager 102 $aDE 105 $a|||| ||||| 200 1 $aSprache in Texten$fHarald Weinrich 210 $aStuttgart$cErnst Klett Verlag$d1976 215 $a356 p.$d21 cm. 606 $aLINGUE$xStudi$3UONC083832$2FI 606 $aLinguistica testuale$3UONC029220$2FI 620 $aDE$dWiesbaden$3UONL003153 676 $a410$cLinguistica$v21 700 1$aWEINRICH$bHarald$3UONV062583$0132589 712 $aKlett$3UONV253613$4650 801 $aIT$bSOL$c20260220$gRICA 899 $aSIBA - SISTEMA BIBLIOTECARIO DI ATENEO E ARCHIVIO STORICO$2UONSI 912 $aUON00424978 950 $aSIBA - SISTEMA BIBLIOTECARIO DI ATENEO E ARCHIVIO STORICO$dSI TED 14 a WEI 04 $eSI LO 10074 5 04 $sBuono 996 $aSprache in texten$939423 997 $aUNIOR